000 00656nam a22002057a 4500
003 DO-SdBNP
005 20240316073906.0
007 ta
008 221104b1978 dr ||||| |||| 00| 0 spa d
040 _aDO-SdBNP
_bspa
_cBNPHU
082 4 _222
245 0 0 _aPresentación de los premios Siboney de ensayo, literatura y poesía, 1978 /
_cMarcio Veloz Maggiolo, Ramón Francisco, Manuel Rueda
260 _aSanto Domingo :
_bSiboney,
_c1978
300 _a24 p. ;
_c21 cm.
590 _aInventariado, 2022/BT
700 1 _aVeloz Maggiolo, Marcio,
_d1936-2021
_91104
700 1 _aFrancisco, Ramón
_920549
700 1 _aRueda, Manuel
_919958
942 _2ddc
_cLBS1
999 _c52795
_d52795